00910pam a2200277 a 4500001000500000005001700005020001500022040002300037050002000060082001100080100002400091245007700115250002800192260003500220300005900255505000800314520010300322521002000425521002000445650002400465650003100489650002400520650003200544650002200576700003400598300720251218154540.0 a059099445X aDLCcDLCdDLCbeng00aPZ8.3.B92b199400a813.541 aBunting, Eved1928-10aFlower garden /cwritten by Eve Bunting ; illustrated by Kathryn Hewitt. aFirst published in 1994 aNew York :bScholastic ,c1994 a29 unnumbered pages :bcolor illustrations ;c25 cm .  aJ  aHelped by her father, a young girl prepares a flower garden as a birthday surprise for her mother. a460 bLexile  aJ bRaz-Plus  1aGardeningvFiction. 1aParent and childvFiction. 1aBirthdaysvFiction. 1aAfrican AmericansvFiction. 1aStories in rhyme.1 aHewitt, Kathryneillustrator